00448nam a2200205Ia 4500003000900000008004100009040001300050040001300063041000800076100002000084245004000104250001000144260001200154260000900166300001100175300001200186490002200198490000600220600001600226IT-RoPAU120407s9999 xx 000 0 und d aIT-RoPAU cIT-RoPAU aita aEtienne Glasser aLe procès du bonheur par Qohelet. aParis aDu Cerf c1970 a218 p. c21,5 cm aLectio divina, 61 v1 a1. Qohelet.